| 000 | 00611nam a2200193Ia 4500 | ||
|---|---|---|---|
| 008 | 151119s9999||||xx |||||||||||||| ||und|| | ||
| 082 | _a615.535 | ||
| 082 | _bGKKV28348 | ||
| 100 | _aनगर्सेकर सुरेश | ||
| 245 | _aसु जोक उपचारपद्धती | ||
| 260 | _a-- | ||
| 260 | _b-- | ||
| 260 | _c0 | ||
| 600 | _aनगर्सेकर सुरेश | ||
| 630 | _aसु जोक उपचारपद्धती | ||
| 700 | _aनगर्सेकर सुरेश | ||
| 730 | _aसु जोक उपचारपद्धती | ||
| 942 | _cBOOK | ||
| 999 |
_c1080750 _d1080747 |
||